Langues Indo-Européennes - Mort subite - Statistiques

Statistiques générales
  • Ce quiz a été pris 11 616 fois
  • Le résultat moyen est 9 sur 24
Answers on the Grid
Answers color-coded by a green-red scale on the quiz's grid according to % correct below.
Albanais
Allemand
Anglais
Arabe
Arménien
Azéri
Basque
Bengali
Berbère
Catalan
Danois
Espagnol
Estonien
Finnois
Français
Gallois
Géorgien
Grec
Hébreu
Hindi
Hongrois
Islandais
Italien
Kurde
Latin
Letton
Maltais
Néerlandais
Norvégien
Persan
Polonais
Russe
Sanskrit
Tamoul
Télougou
Yiddish
 
Statistiques - réponses
Réponse % Correct
Allemand
80%
Anglais
77%
Espagnol
66%
Français
62%
Albanais
58%
Catalan
49%
Danois
47%
Grec
45%
Italien
44%
Latin
42%
Arménien
41%
Néerlandais
33%
Polonais
32%
Russe
27%
Hindi
26%
Norvégien
25%
Bengali
22%
Gallois
21%
Islandais
21%
Letton
20%
Persan
17%
Sanskrit
17%
Yiddish
12%
Kurde
10%
Aucun quiz correspondant
Distribution des résultats
% des personnes avec chaque résultat
Percentile par nombre de réponses
Votre historique - résultats
Vous n’avez pas pris ce quiz